[Event "Rhein Main op-B 25th"]
[Site "Bad Homburg"]
[Date "2023.06.08"]
[Round "3"]
[White "Hofmann, Werner"]
[Black "Pichl, Johann"]
[Result "1-0"]
[WhiteElo "1678"]
[BlackElo "1468"]
[PlyCount "119"]
[EventDate "2023.06.07"]
[EventType "swiss"]
[EventRounds "7"]
[EventCountry "GER"]
[SourceTitle "CBM 215 Extra"]
[Source "ChessBase"]
[SourceDate "2023.09.30"]
[SourceVersion "1"]
[SourceVersionDate "2023.09.30"]
[SourceQuality "1"]

1. d4 d5 2. Bf4 Nf6 3. Nf3 e6 4. e3 c5 5. c3 Be7 6. Nbd2 Nc6 7. Bd3 b6 8. 0-0 h6 9. Re1 Bb7 10. Qe2 Qd7 11. Bb5 a6 12. Ne5 Qc8 13. Ba4 b5 14. Bc2 c4 15. Rac1 Bd6 16. Bg3 Qc7 17. f4 0-0-0 18. Ndf3 Rhf8 19. Nxc6 Bxc6 20. Ne5 Bxe5 21. fxe5 Ne4 22. Bh4 g5 23. Bf2 f5 24. exf6 Rxf6 25. Bxe4 dxe4 26. Bg3 Qd7 27. Be5 Rf5 28. Rf1 Qf7 29. Rf2 Rxf2 30. Qxf2 Qxf2+ 31. Kxf2 Rf8+ 32. Kg1 Kd7 33. Bg7 Rf5 34. Bxh6 Ke7 35. Rf1 Rxf1+ 36. Kxf1 Kf6 37. g4 Be8 38. Ke2 Bd7 39. h3 Bc6 40. Kd2 a5 41. Bf8 a4 42. Bd6 Kg6 43. Ke2 Be8 44. Kf2 Bd7 45. Be7 Be8 46. Kg3 Bc6 47. a3 Bd5 48. h4 gxh4+ 49. Kxh4 Bc6 50. Kg3 Kf7 51. Bd8 Bd7 52. Kf4 Bc6 53. Ke5 Ke8 54. Bh4 Kf7 55. Bg5 Kg6 56. Bd8 Kf7 57. g5 Bb7 58. Kd6 Bd5 59. Kc5 Kg6 60. Kxb5 1-0

[Event "Rhein Main op-B 25th"]
[Site "Bad Homburg"]
[Date "2023.06.08"]
[Round "2"]
[White "Pichl, Johann"]
[Black "Zilch, Lothar"]
[Result "1/2-1/2"]
[WhiteElo "1468"]
[BlackElo "1868"]
[PlyCount "90"]
[EventDate "2023.06.07"]
[EventType "swiss"]
[EventRounds "7"]
[EventCountry "GER"]
[SourceTitle "CBM 215 Extra"]
[Source "ChessBase"]
[SourceDate "2023.09.30"]
[SourceVersion "1"]
[SourceVersionDate "2023.09.30"]
[SourceQuality "1"]

1. d4 d5 2. Nf3 e6 3. Bf4 c5 4. e3 Nf6 5. c3 Nc6 6. Bd3 cxd4 7. exd4 Bd6 8. Bxd6 Qxd6 9. Qe2 Nd7 10. 0-0 0-0 11. Qc2 h6 12. Re1 Re8 13. Nbd2 e5 14. dxe5 Ndxe5 15. Bb5 Bg4 16. Nxe5 Rxe5 17. Bxc6 bxc6 18. Rxe5 Qxe5 19. h3 Bh5 20. Nf1 Rb8 21. Ne3 Bg6 22. Qd2 Qe4 23. b3 Re8 24. Re1 Qf4 25. Qd4 Qc7 26. b4 Re4 27. Qd2 a5 28. a3 axb4 29. axb4 Qe5 30. Nc2 Rxe1+ 31. Nxe1 Qe4 32. Nf3 Qc2 33. Qe3 Kh7 34. Nd4 Qa4 35. Qe8 Qa1+ 36. Kh2 Qxc3 37. Nxc6 d4 38. Ne7 h5 39. h4 d3 40. Qg8+ Kh6 41. Qh8+ Bh7 42. Nf5+ Kg6 43. Ne7+ Kh6 44. Nf5+ Kg6 45. Ne7+ Kh6 1/2-1/2

[Event "Main Vogelsberg op 16th"]
[Site "Waechtersbach"]
[Date "2022.09.30"]
[Round "1"]
[White "Pichl, Johann"]
[Black "Schellenberger, Dirk"]
[Result "0-1"]
[WhiteElo "1400"]
[BlackElo "1883"]
[PlyCount "66"]
[EventDate "2022.09.30"]
[EventType "swiss"]
[EventRounds "7"]
[EventCountry "GER"]
[SourceTitle "CBM 210 Extra"]
[Source "ChessBase"]
[SourceDate "2022.11.30"]
[SourceVersion "1"]
[SourceVersionDate "2022.11.30"]
[SourceQuality "1"]

1. d4 d5 2. Nf3 Nf6 3. Bf4 c5 4. e3 Nc6 5. c3 e6 6. Bd3 Be7 7. h3 0-0 8. Nbd2 a6 9. dxc5 Bxc5 10. Nb3 Be7 11. 0-0 b5 12. Rc1 Qb6 13. Qe2 Bb7 14. Rfd1 Rad8 15. Bg3 Rfe8 16. Nbd4 Na5 17. Ne5 Nc4 18. Nxc4 dxc4 19. Bb1 Ne4 20. Bf4 g6 21. Nf3 f6 22. Rxd8 Rxd8 23. b4 cxb3 24. axb3 e5 25. Bh2 Qc6 26. c4 Ng5 27. Ne1 Nxh3+ 28. Kf1 Bb4 29. f3 Rd2 30. gxh3 Rxe2 31. Kxe2 Bxe1 32. Rxe1 Qxf3+ 33. Kd2 Qxh3 0-1

[Event "Rhein Main op-B 24th"]
[Site "Bad Homburg"]
[Date "2022.06.19"]
[Round "7"]
[White "Bahlo, Alondra"]
[Black "Pichl, Johann"]
[Result "0-1"]
[WhiteElo "1285"]
[BlackElo "1322"]
[PlyCount "76"]
[EventDate "2022.06.15"]
[EventType "swiss"]
[EventRounds "7"]
[EventCountry "GER"]
[SourceTitle "EXT 2023"]
[Source "ChessBase"]
[SourceDate "2022.10.05"]
[SourceVersion "1"]
[SourceVersionDate "2022.10.05"]
[SourceQuality "1"]

1. d4 Nf6 2. Bf4 d5 3. c3 Bf5 4. Nd2 e6 5. Ngf3 Be7 6. e3 c6 7. c4 0-0 8. Be2 Nbd7 9. Ne5 h6 10. Nxd7 Qxd7 11. 0-0 Rfd8 12. Bf3 b6 13. cxd5 cxd5 14. Rc1 Rac8 15. Re1 Rxc1 16. Qxc1 Rc8 17. Qd1 Qc6 18. h3 Qc2 19. Qxc2 Rxc2 20. Rd1 Rxb2 21. a4 Kf8 22. Nf1 Ke8 23. Rc1 Rc2 24. Re1 Kd7 25. Ng3 Bd3 26. e4 Rc4 27. Be3 Rxa4 28. exd5 Nxd5 29. Bxd5 exd5 30. Rd1 Bc4 31. Nf5 Bf6 32. Bf4 g5 33. Bg3 h5 34. h4 gxh4 35. Nxh4 Bb3 36. Rb1 Bc2 37. Rc1 Rc4 38. Nf5 Bxf5 0-1

[Event "Rhein Main op-B 24th"]
[Site "Bad Homburg"]
[Date "2022.06.17"]
[Round "4"]
[White "Kim, David"]
[Black "Pichl, Johann"]
[Result "1-0"]
[WhiteElo "854"]
[BlackElo "1322"]
[PlyCount "91"]
[EventDate "2022.06.15"]
[EventType "swiss"]
[EventRounds "7"]
[EventCountry "GER"]
[SourceTitle "EXT 2023"]
[Source "ChessBase"]
[SourceDate "2022.10.05"]
[SourceVersion "1"]
[SourceVersionDate "2022.10.05"]
[SourceQuality "1"]

1. e4 c6 2. d4 d5 3. exd5 cxd5 4. Nf3 Bg4 5. Nc3 Nf6 6. h3 Bh5 7. Be2 Nc6 8. 0-0 e6 9. Bg5 Be7 10. Re1 0-0 11. Qd2 Qb6 12. b3 Rac8 13. Ne5 Qd8 14. Bxf6 Bxe2 15. Bxe7 Qxe7 16. Rxe2 a6 17. Nxc6 Rxc6 18. Nxd5 Qd8 19. Nb4 Rd6 20. c3 Qc7 21. c4 Rfd8 22. Nc2 h6 23. Qf4 Qd7 24. Re3 f6 25. Rae1 Qc8 26. Rg3 Kh8 27. Rg4 Kh7 28. Qe3 Qd7 29. Re4 Re8 30. f4 Kg8 31. d5 Kf7 32. Nd4 e5 33. fxe5 fxe5 34. Rxe5 Rxe5 35. Qxe5 Kg8 36. Qe8+ Kh7 37. Qxd7 Rxd7 38. Nf5 Rf7 39. g4 Kg8 40. Re7 Rxe7 41. Nxe7+ Kf7 42. Nc8 Kf8 43. Kf2 g5 44. Ke3 a5 45. Ke4 Kg7 46. d6 1-0

[Event "Heusenstamm Sparkassen op-B 6th"]
[Site "Heusenstamm"]
[Date "2019.11.23"]
[Round "5"]
[White "Pichl, Johann"]
[Black "Laznik, Zeljko"]
[Result "1/2-1/2"]
[WhiteElo "1315"]
[BlackElo "1432"]
[PlyCount "131"]
[EventDate "2019.11.21"]
[EventType "swiss"]
[EventRounds "7"]
[EventCountry "GER"]
[SourceTitle "CBM 194 Extra"]
[Source "ChessBase"]
[SourceDate "2020.03.31"]
[SourceVersion "1"]
[SourceVersionDate "2020.03.31"]
[SourceQuality "1"]

1. d4 d5 2. Bf4 Bf5 3. Nf3 Nf6 4. h3 h6 5. e3 a6 6. Be2 e6 7. Nbd2 Bd6 8. Bxd6 Qxd6 9. c3 Nbd7 10. 0-0 h5 11. c4 c6 12. Nb3 Ne4 13. Nfd2 Ndf6 14. f3 Ng3 15. Rf2 g5 16. Nf1 Nxf1 17. Rxf1 Qg3 18. Qe1 Qxe1 19. Rfxe1 g4 20. cxd5 exd5 21. Kh2 gxh3 22. gxh3 0-0-0 23. Rg1 Rde8 24. e4 dxe4 25. fxe4 Bxe4 26. Raf1 Bg6 27. Bxa6 bxa6 28. Rxf6 Re2+ 29. Rg2 Rxg2+ 30. Kxg2 Kc7 31. Kg3 Rd8 32. a3 Rd6 33. Rxd6 Kxd6 34. h4 Kd5 35. Na5 c5 36. dxc5 Kxc5 37. Nb3+ Kb6 38. Kf4 a5 39. Ke5 a4 40. Nc1 Bc2 41. Kf6 Bg6 42. Ke5 Kc5 43. Kf4 Kd4 44. Kf3 Ke5 45. Na2 Be4+ 46. Kg3 f5 47. Nc3 Bc6 48. Ne2 Bb5 49. Nf4 Be8 50. Nd3+ Ke4 51. Nc1 f4+ 52. Kf2 Bb5 53. b3 axb3 54. Nxb3 Bc6 55. Nc5+ Kf5 56. Nd3 Ba8 57. a4 Kg4 58. a5 Bb7 59. Nc5 Bd5 60. Nd3 f3 61. Ne5+ Kf4 62. Nd3+ Kg4 63. Nc5 Bc4 64. Ne4 Ba6 65. Nf6+ Kxh4 66. Nxh5 1/2-1/2

[Event "Heusenstamm Sparkassen op-B 6th"]
[Site "Heusenstamm"]
[Date "2019.11.22"]
[Round "3"]
[White "Pichl, Johann"]
[Black "Woehl, Torsten"]
[Result "1/2-1/2"]
[WhiteElo "1315"]
[BlackElo "1522"]
[PlyCount "54"]
[EventDate "2019.11.21"]
[EventType "swiss"]
[EventRounds "7"]
[EventCountry "GER"]
[SourceTitle "CBM 194 Extra"]
[Source "ChessBase"]
[SourceDate "2020.03.31"]
[SourceVersion "1"]
[SourceVersionDate "2020.03.31"]
[SourceQuality "1"]

1. d4 e6 2. c4 Nf6 3. Nf3 c5 4. e3 Nc6 5. Bd3 cxd4 6. exd4 Qb6 7. Qb3 Bb4+ 8. Bd2 Nxd4 9. Qxb4 Nxf3+ 10. gxf3 Qc6 11. Be2 b6 12. Na3 Bb7 13. 0-0-0 Rc8 14. Bc3 Qc5 15. Qxc5 Rxc5 16. Bxf6 gxf6 17. Rhg1 Rf5 18. Rg3 Ke7 19. Nb5 Rf4 20. Nxa7 Ra8 21. Nb5 Rxa2 22. Kb1 Ra5 23. Rg4 Rxf3 24. Bxf3 Bxf3 25. Rdg1 f5 26. Rh4 Be4+ 27. Kc1 Ra1+ 1/2-1/2